000
00307nam a2200145Ia 4500
100
_a
Scheld/Francis
942
_c
BK
654
_a
numerical
245
_a
Schaums outlines Numerical Analysis
260
_b
McGraw Hill
_c
1989
082
_a
519.4
_b
SCH
300
_a
471
546
_a
ENGLISH
999
_c
32375
_d
32375